| 000 | 00000nam##2200000za#4500 |
| 001 | 9.643589 |
| 003 | CaOODSP |
| 005 | 20210624224234 |
| 007 | cr ||||||||||| |
| 008 | 150407|1998||||xxc|||||o f|0| 0 fre|d |
| 040 | |aCaOODSP|bfre |
| 043 | |an-cn--- |
| 086 | 1 |aH39-422/1998F-PDF |
| 110 | 1 |aCanada. |bSanté Canada. |
| 245 | 13|aLa création de partenariats dans le domaine de la santé - constats : |h[ressource électronique]|bla nutrition pour un virage santé - voies d'action / |c[par] Ronald Labonte, Susan Swanson, et Joan Feather. |
| 260 | |aOttawa - Ontario : |bSanté Canada |cc1998. |
| 300 | |a31p. |
| 500 | |aLe n° de catalogue (H39-422/1998F) et l'ISBN (0-662-82612-4) de l'édition imprimée ont été incorrectement copiés dans l'édition électronique. |
| 590 | |a14-14-Supp|b2014-07-24 |
| 691 | 07|aPartenariat|2gcpds |
| 691 | 07|aSoins de santé|2gcpds |
| 775 | 08|tBuilding partnerships for health - lessons learned : |w(CaOODSP)9.699610 |
| 856 | 40|ahttp://publications.gc.ca|qPDF|s278 Ko|uhttps://publications.gc.ca/collections/collection_2014/sc-hc/H39-422-1998-fra.pdf |